[Event "Oberliga Ost-A 0203"]
[Site "?"]
[Date "2002.11.17"]
[Round "3.7"]
[White "Kuna Ralf Michael"]
[Black "Kleschtschow Juri"]
[Result "1-0"]
[WhiteElo "2189"]
[BlackElo "2141"]
[PlyCount "87"]
[EventDate "2002.??.??"]
[Source "www.chesslib.no"]
[SourceDate "2004.05.04"]

1. e4 e5 2. Nf3 Nf6 3. d4 exd4 4. e5 Nd5 5. Qxd4 Nb6 6. Bb5 c6 7. Bd3 d5 8. O-O Be6 9. Ng5 Be7 10. Nxe6 fxe6 11. Qg4 Kd7 12. Qxg7 Qf8 13. Qxf8 Bxf8 14. a4 a5 15. b3 c5 16. Be3 Nc6 17. f4 Nb4 18. Bb5+ Kc7 19. Na3 d4 20. Bd2 Bh6 21. Bd3 Nxd3 22. cxd3 Nd5 23. Nb5+ Kd7 24. g3 b6 25. Kf2 Bf8 26. Kf3 Be7 27. Ke4 Raf8 28. Rf2 Rhg8 29. Rg1 h5 30. h3 Rg7 31. g4 Rfg8 32. g5 Rg6 33. h4 Rf8 34. f5 Nc3+ 35. Bxc3 exf5+ 36. Rxf5 dxc3 37. Nxc3 Re8 38. Nd5 Rc8 39. Nf4 Rgc6 40. Rf7 Kd8 41. Nd5 Re6 42. Kf5 Rcc6 43. g6 Ke8 44. Rxe7+ 1-0

[Event "Curacao op"]
[Site "?"]
[Date "2001.07.25"]
[Round "1"]
[White "Zapata Alonso"]
[Black "Roose Alexander"]
[Result "1-0"]
[WhiteElo "2530"]
[BlackElo "1800"]
[PlyCount "51"]
[EventDate "2001.??.??"]
[Source "www.chesslib.no"]
[SourceDate "2004.05.04"]

1. e4 e5 2. Nf3 Nf6 3. d4 exd4 4. e5 Ne4 5. Bb5 Bb4+ 6. c3 dxc3 7. O-O Be7 8. Re1 cxb2 9. Bxb2 Nc5 10. Nc3 O-O 11. Nd5 a6 12. Bc4 Nc6 13. Nd4 Nxd4 14. Qxd4 Ne6 15. Qg4 f5 16. exf6 Bxf6 17. Nxf6+ Rxf6 18. Bxe6+ dxe6 19. Rad1 Qf8 20. Bxf6 Qxf6 21. Qc4 Qe7 22. Re3 c5 23. Red3 b5 24. Rd8+ Kf7 25. Qf4+ Qf6 26. Qc7+ 1-0

[Event "Corr"]
[Site "?"]
[Date "2000.06.20"]
[Round "?"]
[White "Kissick Charles (USA)"]
[Black "Smith David Harry"]
[Result "0-1"]
[WhiteElo "2029"]
[BlackElo "2282"]
[PlyCount "132"]
[EventDate "2000.??.??"]
[Source "www.chesslib.no"]
[SourceDate "2004.05.04"]

1. e4 e5 2. Nf3 Nf6 3. d4 exd4 4. e5 Qe7 5. Be2 Ng4 6. Qxd4 h5 7. O-O Nc6 8. Qc3 Ngxe5 9. Re1 Kd8 10. Bc4 Nxf3+ 11. gxf3 Qf6 12. Qxf6+ gxf6 13. Bxf7 Be7 14. Bf4 Nd4 15. Nd2 Ne6 16. Bxe6 dxe6 17. Rad1 e5 18. Nc4+ Ke8 19. Bc1 Bh3 20. Kh1 Rg8 21. Rg1 Rxg1+ 22. Rxg1 Rd8 23. b3 Kf7 24. Ne3 Bc5 25. Rd1 Bxe3 26. Rxd8 Bxc1 27. Rb8 b6 28. Rb7 a5 29. Rxc7+ Kg6 30. Rb7 Ba3 31. Kg1 Bc5 32. c3 Be6 33. Kg2 Kg5 34. b4 axb4 35. cxb4 Bd4 36. a4 Kf4 37. a5 bxa5 38. bxa5 Bc4 39. Rg7 Be2 40. Rg3 Bc3 41. Rh3 Bxa5 42. Rh4+ Kg5 43. Re4 Bb5 44. f4+ exf4 45. f3 Bc3 46. Re7 Bd4 47. Rg7+ Kh4 48. Rg6 Bd7 49. Rg7 Bh3+ 50. Kh1 Bf1 51. Rd7 Be3 52. Rd5 Ba6 53. Kg2 Bc8 54. Rb5 Bh3+ 55. Kh1 f5 56. Rb1 Kg5 57. Rd1 h4 58. Ra1 Kf6 59. Ra6+ Ke5 60. Rh6 Kd4 61. Rxh4 Bf1 62. Rh5 Kd3 63. Rxf5 Ke2 64. h4 Kxf3 65. h5 Kg4 66. Ra5 Kh3 0-1

[Event "Ch Germany (juniors)"]
[Site "GER"]
[Date "1989.??.??"]
[Round "?"]
[White "Ludwig Kristin"]
[Black "Eltsov Valery"]
[Result "1-0"]
[WhiteElo "2055"]
[BlackElo "2249"]
[PlyCount "81"]
[EventDate "1989.??.??"]
[Source "www.chesslib.no"]
[SourceDate "2004.05.04"]

1. e4 e5 2. Nf3 Nf6 3. d4 exd4 4. e5 Bb4+ 5. c3 dxc3 6. bxc3 O-O 7. cxb4 Ne8 8. Bc4 h6 9. O-O d6 10. Bb2 Bg4 11. Qb3 Nc6 12. exd6 Qxd6 13. a3 Qf4 14. Nbd2 Nf6 15. Rfe1 Rad8 16. Qc3 Kh8 17. b5 Nb8 18. Re7 Rd7 19. Rae1 Bf5 20. Nb3 Bg4 21. R7e4 Qf5 22. Re5 Qh7 23. Nc5 Rdd8 24. Bd3 Qg8 25. Nxb7 Rde8 26. Bf5 Rxe5 27. Qxe5 Bxf3 28. gxf3 Re8 29. Qc3 Rxe1+ 30. Qxe1 Nbd7 31. Qe7 Nb6 32. Qxc7 Qe8 33. Qd8 Nc4 34. Qxe8+ Nxe8 35. Bc1 Nc7 36. a4 Nb6 37. Bc2 Ne6 38. Bb2 Kg8 39. Nd6 Nc5 40. a5 Nbd7 41. Bd4 1-0

[Event "Havlickuv Brod"]
[Site "?"]
[Date "2006.09.25"]
[Round "3.17"]
[White "Horak Jiri"]
[Black "Hejl Jaroslav"]
[Result "1-0"]
[WhiteElo "2226"]
[BlackElo "2078"]
[PlyCount "27"]
[EventDate "2006.??.??"]
[Source "www.chesslib.no"]
[SourceDate "2004.05.04"]

1. e4 e5 2. Nf3 Nf6 3. d4 exd4 4. e5 Bb4+ 5. c3 dxc3 6. bxc3 Ba5 7. exf6 Qxf6 8. Qe2+ Kf8 9. Qe5 Qb6 10. Bc4 d6 11. Qf4 f6 12. O-O Nc6 13. Re1 Bd7 14. Qxf6+ 1-0

[Event "Canovelles opA"]
[Site "Canovelles"]
[Date "1999.??.??"]
[Round "5"]
[White "Fernandez Gonzalez, JH."]
[Black "Costa Trave, Jaume"]
[Result "1-0"]
[WhiteElo "2050"]
[BlackElo "2250"]
[PlyCount "52"]
[EventDate "1999.??.??"]
[Source "www.chesslib.no"]
[SourceDate "2004.05.04"]

1. e4 e5 2. Nf3 Nf6 3. d4 exd4 4. e5 Bb4+ 5. c3 dxc3 6. bxc3 Qe7 7. cxb4 Qxb4+ 8. Bd2 Qe4+ 9. Be2 Nd5 10. Nc3 Nxc3 11. Bxc3 O-O 12. O-O Nc6 13. Bd3 Qg4 14. Qc2 h6 15. Rab1 Qe6 16. Rfe1 b6 17. Bf5 Qe7 18. Re4 Nd8 19. Rg4 Ne6 20. Be4 Rb8 21. Nh4 Qd8 22. Nf5 Kh8 23. Nxg7 Nxg7 24. e6 f6 25. Qd2 Qe7 26. Qxh6+ Kg8 1-0

[Event "American Continental 1st"]
[Site "Cali"]
[Date "2001.08.18"]
[Round "9"]
[White "Rodriguez, Wilmer Alberto"]
[Black "Sanchez Moreno, Luis"]
[Result "1-0"]
[WhiteElo "2093"]
[BlackElo "2189"]
[PlyCount "71"]
[EventDate "2001.08.09"]
[Source "ChessBase"]
[SourceDate "2001.09.11"]

1. e4 e5 2. Nf3 Nf6 3. d4 d5 4. Nxe5 Nxe4 5. Bd3 Be7 6. O-O O-O 7. c4 c6 8. Nc3 Nf6 9. Re1 dxc4 10. Bxc4 Nbd7 11. Qb3 Nxe5 12. dxe5 Nd7 13. Bxf7+ Kh8 14. Bc4 Nc5 15. Qd1 Qb6 16. b3 Rxf2 17. Be3 Rf8 18. Ne4 Qa5 19. Nd6 Be6 20. Qd4 b6 21. Bd2 Qa3 22. b4 Bxc4 23. Qxc4 Bxd6 24. exd6 Qa4 25. Re7 Qa6 26. Qxa6 Nxa6 27. Bc3 Rg8 28. Rf1 h5 29. Rff7 Kh7 30. Bxg7 c5 31. Bh8+ Kh6 32. Rf6+ Kg5 33. Re5+ Kg4 34. h3+ Kg3 35. Rf3+ Kh4 36. Bf6+ 1-0

[Event "Asturias-chT Preferente"]
[Site "?"]
[Date "2001.01.13"]
[Round "9"]
[White "Fernandez Torre Ivan"]
[Black "Olea Perez Mario"]
[Result "1/2-1/2"]
[WhiteElo "2051"]
[BlackElo "2201"]
[PlyCount "46"]
[EventDate "2001.??.??"]
[Source "www.chesslib.no"]
[SourceDate "2004.05.04"]

1. e4 e5 2. Nf3 Nf6 3. d4 exd4 4. e5 Qe7 5. Be2 Ne4 6. Qxd4 Qb4+ 7. Qxb4 Bxb4+ 8. Nbd2 Nxd2 9. Bxd2 Nc6 10. Bc4 O-O 11. Bxb4 Nxb4 12. O-O-O Rb8 13. a3 Nc6 14. b4 a5 15. c3 Nd8 16. Nd4 Re8 17. Rhe1 axb4 18. axb4 b6 19. Nb5 c5 20. Nd6 Re7 21. Nf5 Re8 22. Nd6 Re7 23. Nf5 Re8 1/2-1/2

[Event "Corr"]
[Site "?"]
[Date "1998.??.??"]
[Round "?"]
[White "Ostersen Steen"]
[Black "Laursen Bjorn"]
[Result "1/2-1/2"]
[WhiteElo "2073"]
[BlackElo "2159"]
[PlyCount "63"]
[EventDate "1998.??.??"]
[Source "www.chesslib.no"]
[SourceDate "2004.05.04"]

1. e4 e5 2. Nf3 Nf6 3. d4 exd4 4. e5 Ne4 5. Bd3 Bb4+ 6. Kf1 d5 7. exd6 Nxd6 8. Qe2+ Qe7 9. Qxe7+ Kxe7 10. Nxd4 c5 11. Nb5 Nxb5 12. Bxb5 Rd8 13. Ke2 Bf5 14. c3 Ba5 15. Be3 Bb6 16. Nd2 Nd7 17. Nc4 Nf6 18. Nxb6 axb6 19. Bf4 Be4 20. f3 Bc6 21. a4 Rd7 22. Kf2 Bxb5 23. axb5 Ra5 24. Rhe1+ Kd8 25. Rxa5 bxa5 26. Bg5 Rd6 27. Bf4 Rd7 28. Be3 b6 29. b4 axb4 30. cxb4 Nd5 31. bxc5 Nxe3 32. Rxe3 1/2-1/2

[Event "CZE-chTJ 0001"]
[Site "?"]
[Date "2000.??.??"]
[Round "8"]
[White "Brezovsky Milan"]
[Black "Elias Miroslav"]
[Result "1/2-1/2"]
[WhiteElo "2105"]
[BlackElo "2110"]
[PlyCount "105"]
[EventDate "2000.??.??"]
[Source "www.chesslib.no"]
[SourceDate "2004.05.04"]

1. e4 e5 2. Nf3 Nf6 3. d4 d5 4. dxe5 Nxe4 5. Bd3 Nc5 6. O-O Be7 7. Nc3 c6 8. Ne2 Nxd3 9. Qxd3 Na6 10. Ng3 Nc5 11. Qe2 h5 12. Nd4 g6 13. Rd1 h4 14. Nf1 Qc7 15. f4 Ne6 16. c3 Bd7 17. Be3 c5 18. Nf3 Bc6 19. Rac1 O-O-O 20. Qf2 b6 21. h3 Kb8 22. N1h2 Qb7 23. a3 Rh5 24. Ng4 d4 25. cxd4 Bxf3 26. gxf3 cxd4 27. Bd2 Rf5 28. Nh6 Nxf4 29. Bxf4 Rxf4 30. Kg2 Bc5 31. b4 Be7 32. Ng4 Qd5 33. Rd3 Kb7 34. Qc2 Qd7 35. Qb3 Qb5 36. Qc2 Qd7 37. Qa2 Rc8 38. Rcd1 Rd8 39. Qb2 Qd5 40. Qd2 g5 41. Rc1 Rc8 42. Rxc8 Kxc8 43. Qc2+ Kb7 44. Qe2 Qc4 45. Nf2 Qd5 46. Ne4 Kb8 47. Qd2 Qxe5 48. Rxd4 f5 49. Rd8+ Bxd8 50. Qxd8+ Kb7 51. Qd7+ Kb8 52. Qd8+ Kb7 53. Qd7+ 1/2-1/2

[Event "London op"]
[Site "London"]
[Date "2001.12.16"]
[Round "6"]
[White "Khoo, Teresa"]
[Black "Kapanadze, Vladimir"]
[Result "1-0"]
[WhiteElo "2143"]
[BlackElo "2067"]
[PlyCount "33"]
[EventDate "2001.12.14"]
[Source "ChessBase"]
[SourceDate "2002.01.21"]

1. e4 e5 2. Nf3 Nf6 3. d4 exd4 4. e5 Bb4+ 5. c3 dxc3 6. bxc3 Bxc3+ 7. Nxc3 Ng8 8. Bc4 d6 9. Qb3 Nh6 10. Bxh6 gxh6 11. Bxf7+ Kf8 12. e6 Nc6 13. Ne4 d5 14. Rd1 d4 15. Nxd4 Qh4 16. Qd5 Qe7 17. O-O 1-0

[Event "Bled ol (Women)"]
[Site "?"]
[Date "2002.11.02"]
[Round "8"]
[White "Ortiz Karolina"]
[Black "Gjergji Rozana"]
[Result "1-0"]
[WhiteElo "2159"]
[BlackElo "2025"]
[PlyCount "69"]
[EventDate "2002.??.??"]
[Source "www.chesslib.no"]
[SourceDate "2004.05.04"]

1. e4 e5 2. Nf3 Nf6 3. d4 exd4 4. e5 Ne4 5. Nxd4 d6 6. exd6 Nxd6 7. Bd3 c5 8. Nf3 Bg4 9. O-O Be7 10. h3 Bh5 11. c3 Nc6 12. Re1 O-O 13. Bf4 Qd7 14. Rxe7 Nxe7 15. Bxd6 Bxf3 16. gxf3 Rfe8 17. Bxe7 Rxe7 18. Qf1 Rd8 19. Be4 f5 20. Bc2 Rde8 21. Na3 Qd2 22. Rd1 Qg5+ 23. Kh1 Qh5 24. Qg2 Re1+ 25. Kh2 Rxd1 26. Bxd1 Re1 27. Bb3+ Kh8 28. Qg3 Qe8 29. Nc4 g6 30. Qd6 Qe7 31. Qb8+ Kg7 32. Nd6 Kf6 33. Qh8+ Kg5 34. Nf7+ Kf4 35. Kg2 1-0

[Event "FRA, Nationale II 2004/2005"]
[Site "?"]
[Date "2005.??.??"]
[Round "11.8"]
[White "Garro Pierre"]
[Black "Hoarau Julien"]
[Result "0-1"]
[WhiteElo "2117"]
[BlackElo "2050"]
[PlyCount "143"]
[EventDate "2005.??.??"]
[Source "www.chesslib.no"]
[SourceDate "2004.05.04"]

1. e4 e5 2. Nf3 Nf6 3. d4 d5 4. Nxe5 Nxe4 5. Bd3 Nf6 6. O-O Be7 7. Nd2 Nbd7 8. f4 O-O 9. c3 c5 10. Kh1 Qb6 11. Qe1 Qd6 12. g4 Ne4 13. Nxe4 dxe4 14. Qxe4 Nf6 15. Qf3 cxd4 16. g5 Nd7 17. Qe4 g6 18. Qxd4 Nxe5 19. fxe5 Qc7 20. Bf4 Be6 21. Be4 Rfd8 22. Qe3 Bc5 23. Qf3 Rd7 24. b3 Rad8 25. Rad1 b6 26. Kg2 a5 27. h4 a4 28. bxa4 Be7 29. Rb1 Qc4 30. Rf2 Rc7 31. Re2 Qxa4 32. Rxb6 Rc4 33. Kh2 Bf5 34. Bc6 Rxf4 35. Bxa4 Rxf3 36. Rb7 Bf8 37. c4 Rh3+ 38. Kg2 Rxh4 39. Bb3 Be6 40. Re3 Rg4+ 41. Kf3 Rxg5 42. Rb5 Rf5+ 43. Kg3 Rd4 44. c5 Bxb3 45. axb3 Rd5 46. b4 Rfxe5 47. Rc3 Re6 48. Rb8 Kg7 49. Rc8 Rd4 50. b5 Rb4 51. Rb8 Re5 52. c6 Rbxb5 53. c7 Bd6 54. c8=Q Rxb8 55. Qd7 Rc5+ 56. Qxd6 Rxc3+ 57. Kf4 Rbc8 58. Qe5+ Kg8 59. Qf6 R8c4+ 60. Ke5 Re3+ 61. Kd5 Rce4 62. Qb2 h5 63. Qf6 h4 64. Qd8+ Kg7 65. Qb6 h3 66. Qb2+ Re5+ 67. Kd6 Re2 68. Qd4 h2 69. Qh4 Rh5 70. Qd4+ Ree5 71. Qb2 h1=Q 72. Qb7 0-1

[Event "Wysowa"]
[Site "?"]
[Date "2003.09.10"]
[Round "7"]
[White "Prus Marek"]
[Black "Wilczek Hubert"]
[Result "0-1"]
[WhiteElo "1996"]
[BlackElo "2169"]
[PlyCount "137"]
[EventDate "2003.??.??"]
[Source "www.chesslib.no"]
[SourceDate "2004.05.04"]

1. e4 e5 2. Nf3 Nf6 3. d4 exd4 4. Qxd4 Nc6 5. Qa4 Qe7 6. Bd3 Qb4+ 7. Qxb4 Bxb4+ 8. c3 Be7 9. O-O d6 10. h3 O-O 11. Bf4 Nd7 12. Nd4 Nxd4 13. cxd4 Bf6 14. Nc3 Bxd4 15. Nd5 Bb6 16. Rac1 Nc5 17. Bb1 Rd8 18. Rfd1 Ne6 19. Nxb6 axb6 20. Bg3 Bd7 21. f4 Bc6 22. f5 Nf8 23. e5 dxe5 24. Bxe5 Rxd1+ 25. Rxd1 Rc8 26. Kf2 Nd7 27. Bc3 Re8 28. g4 h6 29. b4 Nf6 30. Bxf6 gxf6 31. a4 Bxa4 32. Rd4 Bc6 33. Bd3 b5 34. h4 Kg7 35. h5 Re7 36. Rf4 Rd7 37. Ke3 Rd5 38. Kd2 Kf8 39. Kc3 Re5 40. Kd2 Ke7 41. Rd4 Bd7 42. Be4 b6 43. Bf3 c5 44. bxc5 bxc5 45. Rd3 b4 46. Rb3 Bb5 47. Rb1 Bc4 48. Ra1 Bb3 49. Ra7+ Kf8 50. Ra8+ Kg7 51. Rb8 Bc4 52. Rd8 Bb5 53. Bd1 Bc4 54. Bf3 Bb3 55. Rb8 Bd5 56. Bd1 Be4 57. Be2 Rd5+ 58. Ke3 Bc2 59. Rb7 Rd4 60. Bf3 b3 61. Be2 Re4+ 62. Kd2 c4 63. Bf3 Rf4 64. Ke3 Rxf3+ 65. Kxf3 c3 66. Ke3 b2 67. Kd4 b1=Q 68. Rxb1 Bxb1 69. Kxc3 0-1

[Event "Corr"]
[Site "?"]
[Date "2002.09.04"]
[Round "?"]
[White "Turko Sergey"]
[Black "Graff John"]
[Result "1-0"]
[WhiteElo "2038"]
[BlackElo "2114"]
[PlyCount "71"]
[EventDate "2002.??.??"]
[Source "www.chesslib.no"]
[SourceDate "2004.05.04"]

1. e4 e5 2. Nf3 Nf6 3. d4 d5 4. Nxe5 Nxe4 5. Bd3 Bd6 6. O-O O-O 7. c4 Bxe5 8. dxe5 Nc6 9. cxd5 Qxd5 10. Qc2 Nb4 11. Bxe4 Nxc2 12. Bxd5 Bf5 13. g4 Bxg4 14. Be4 Nxa1 15. Bf4 f5 16. Bd5+ Kh8 17. Rc1 c6 18. Bg2 Rfd8 19. Nd2 h6 20. h4 Rd4 21. Be3 Rb4 22. b3 Nxb3 23. axb3 Bh5 24. Rc4 Rb5 25. f4 Rd8 26. Rc3 Bf7 27. Bf1 Ra5 28. Nc4 Ra1 29. Nd6 Be6 30. Kg2 Rb1 31. Bc4 Bxc4 32. bxc4 Kg8 33. c5 Rb2+ 34. Kg3 a5 35. e6 Kf8 36. Bd4 1-0

[Event "Turin ITA"]
[Site "?"]
[Date "2006.05.28"]
[Round "7"]
[White "Da Boso Solano Carla"]
[Black "Ryvova Anna"]
[Result "1/2-1/2"]
[WhiteElo "2050"]
[BlackElo "2057"]
[PlyCount "53"]
[EventDate "2006.??.??"]
[Source "www.chesslib.no"]
[SourceDate "2004.05.04"]

1. e4 e5 2. Nf3 Nf6 3. d4 exd4 4. e5 Qe7 5. Qxd4 Nc6 6. Qf4 Nd5 7. Qg3 d6 8. Bb5 Bd7 9. Bxc6 Bxc6 10. O-O O-O-O 11. Re1 dxe5 12. Nxe5 f6 13. Nd3 Qd6 14. Bd2 Qxg3 15. hxg3 Bb5 16. Nf4 Nxf4 17. Bxf4 Bc5 18. Nc3 Bc6 19. Ne4 Bb6 20. a4 a6 21. a5 Ba7 22. Nc3 Bd4 23. Re7 Rd7 24. Rae1 Kd8 25. Rxd7+ Bxd7 26. Nd5 c6 27. c3 1/2-1/2

[Event "Jezero Open"]
[Site "?"]
[Date "2003.08.16"]
[Round "3"]
[White "Damjanovic Lazar"]
[Black "Jelisavac Zoran"]
[Result "1-0"]
[WhiteElo "2142"]
[BlackElo "1939"]
[PlyCount "83"]
[EventDate "2003.??.??"]
[Source "www.chesslib.no"]
[SourceDate "2004.05.04"]

1. e4 e5 2. Nf3 Nf6 3. d4 exd4 4. e5 Ng8 5. Bc4 c5 6. Ng5 Nh6 7. Qf3 Qe7 8. O-O Nc6 9. Bf4 Nxe5 10. Bxe5 Qxg5 11. Re1 Kd8 12. Nd2 Qxd2 13. Bxf7 d6 14. Bf4 Qxc2 15. Bxh6 Kc7 16. Rac1 Qf5 17. Rxc5+ Qxc5 18. Rc1 gxh6 19. Rxc5+ dxc5 20. Qf6 Bd7 21. Qxh8 Rd8 22. Qxh7 Bd6 23. h4 b5 24. b3 Bc6 25. Be8+ Bd7 26. Bxd7 Rxd7 27. Qd3 a6 28. Kf1 Kb6 29. g4 Rg7 30. Qf5 Re7 31. Qd5 Bc7 32. g5 hxg5 33. hxg5 Re5 34. Qg8 Ka5 35. Qg7 Bb8 36. g6 d3 37. Qd7 c4 38. g7 Rh5 39. g8=Q Rh1+ 40. Kg2 Rh2+ 41. Kg1 Bf4 42. Qf8 1-0

[Event "Schloss Schney"]
[Site "?"]
[Date "1997.??.??"]
[Round "4"]
[White "Weigel Herbert"]
[Black "Schnurr Anton"]
[Result "1-0"]
[WhiteElo "2177"]
[BlackElo "1848"]
[PlyCount "87"]
[EventDate "1997.??.??"]
[Source "www.chesslib.no"]
[SourceDate "2004.05.04"]

1. e4 e5 2. Nf3 Nf6 3. d4 d5 4. Nxe5 Nxe4 5. Bd3 Nf6 6. O-O Be7 7. c4 c6 8. Nc3 a6 9. c5 b5 10. cxb6 Qxb6 11. Na4 Qxd4 12. Nxf7 Rf8 13. Nd6+ Bxd6 14. Bg6+ hxg6 15. Qxd4 Nbd7 16. Bf4 c5 17. Qe3+ Be7 18. Bd6 Rf7 19. Rfe1 d4 20. Qxe7+ Rxe7 21. Bxe7 Kf7 22. Nxc5 Nb8 23. Rad1 Nc6 24. Bxf6 gxf6 25. Nb3 Rb8 26. Nxd4 Nxd4 27. Rxd4 Rxb2 28. h3 g5 29. a4 Ra2 30. Rc1 Be6 31. Rc7+ Kg6 32. Rc6 Bb3 33. Rxa6 Ra1+ 34. Kh2 Rf1 35. Kg3 Rd1 36. Rxd1 Bxd1 37. f4 Kf5 38. Ra5+ Kg6 39. fxg5 fxg5 40. Kf2 Kh5 41. Ra6 g4 42. Ra5+ Kg6 43. h4 Kh6 44. Kg3 1-0

[Event "Ch City (w)"]
[Site "Voronezh (Russia)"]
[Date "2007.12.11"]
[Round "7"]
[White "Zemlianukhina Viktoria (RUS)"]
[Black "Suharukova Anastasia (UZB)"]
[Result "0-1"]
[WhiteElo "1988"]
[BlackElo "2020"]
[PlyCount "132"]
[EventDate "2007.??.??"]
[Source "www.chesslib.no"]
[SourceDate "2004.05.04"]

1. e4 e5 2. d4 Nf6 3. Nf3 Nxe4 4. Bd3 Nc6 5. O-O d5 6. dxe5 Bf5 7. Be3 Be7 8. Nbd2 O-O 9. Nb3 Bg4 10. Bd4 Nxd4 11. Nbxd4 c5 12. h3 Bxh3 13. gxh3 cxd4 14. Nxd4 Bc5 15. c3 Qg5+ 16. Qg4 Qxe5 17. Nf3 Qe7 18. Qf5 Rad8 19. Rad1 Rd6 20. Bxe4 Qxe4 21. Qxe4 dxe4 22. Rxd6 Bxd6 23. Nd4 Bc5 24. Nb3 Bb6 25. Re1 Re8 26. Kg2 Kf8 27. Nd2 e3 28. fxe3 Rxe3 29. Rxe3 Bxe3 30. Nc4 Bf4 31. Na5 b6 32. Nc6 a5 33. Kf3 Bc7 34. Ke4 Ke8 35. a4 Kd7 36. Kd5 f5 37. Nd4 g6 38. Ne6 f4 39. Nd4 h6 40. Nf3 g5 41. b3 Bd6 42. Ke4 Ke6 43. Nd4+ Kf6 44. Nf5 Bf8 45. Nd4 h5 46. h4 Bd6 47. hxg5+ Kxg5 48. Kf3 Be5 49. Ne2 h4 50. Ng1 Bxc3 51. Nh3+ Kf5 52. Nxf4 Be5 53. Nd5 Bd4 54. b4 Ke5 55. bxa5 bxa5 56. Ne7 Kd6 57. Nf5+ Kc5 58. Nxh4 Kb4 59. Nf5 Bc5 60. Ke2 Kxa4 61. Ng3 Kb3 62. Ne4 Bb4 63. Kd1 a4 64. Kc1 a3 65. Kb1 a2+ 66. Ka1 Ka3 0-1

[Event "Wichern op 5th"]
[Site "Hamburg"]
[Date "1999.10.19"]
[Round "6.96"]
[White "Kjetzae, Johnny"]
[Black "Voss, Werner"]
[Result "1-0"]
[WhiteElo "2106"]
[BlackElo "1898"]
[PlyCount "61"]
[EventDate "1999.10.15"]
[Source "www.chesslib.no"]
[SourceDate "2004.05.04"]

1. e4 e5 2. Nf3 Nf6 3. d4 Be7 4. Nc3 exd4 5. Nxd4 d6 6. Be2 Bd7 7. f4 Nc6 8. Be3 h5 9. h3 Nxd4 10. Qxd4 c5 11. Qd3 Qc7 12. Qc4 a6 13. a4 Be6 14. Qd3 Nd7 15. O-O c4 16. Qd2 f5 17. exf5 Bf7 18. Nd5 Bxd5 19. Qxd5 Rc8 20. Bf3 b6 21. Qe6 Nc5 22. Qxc4 Qd7 23. b4 b5 24. axb5 axb5 25. Qd5 Na4 26. Bd4 Kf8 27. Be2 Rb8 28. c4 Nb6 29. Bxb6 Rxb6 30. Ra8+ Bd8 31. c5 1-0

[Event "Absoluto Preferente"]
[Site "?"]
[Date "1999.??.??"]
[Round "2"]
[White "Unanua Garcia Pedro"]
[Black "Otazu Ojer Inigo"]
[Result "0-1"]
[WhiteElo "1940"]
[BlackElo "2030"]
[PlyCount "80"]
[EventDate "1999.??.??"]
[Source "www.chesslib.no"]
[SourceDate "2004.05.04"]

1. e4 e5 2. Nf3 Nf6 3. d4 exd4 4. e5 Ne4 5. Bd3 d5 6. exd6 Nxd6 7. O-O Bg4 8. Re1+ Be7 9. c3 dxc3 10. Nxc3 Nc6 11. Nd5 Be6 12. Nxe7 Nxe7 13. Ng5 Bf5 14. Bf4 O-O 15. Bxf5 Nexf5 16. Qc2 g6 17. g4 Nd4 18. Qc3 h6 19. Qxd4 hxg5 20. Bxd6 Qxd6 21. Qxd6 cxd6 22. Rad1 Rfd8 23. Re7 Rab8 24. Rd5 Kg7 25. Rc7 Kf6 26. Kg2 Ke6 27. Rxg5 Rdc8 28. Rxc8 Rxc8 29. Rb5 b6 30. Rb3 Rc2 31. Kf3 d5 32. Re3+ Kd6 33. Re2 Rxe2 34. Kxe2 g5 35. f4 gxf4 36. h4 d4 37. h5 Ke6 38. g5 Kf5 39. g6 fxg6 40. h6 Kf6 0-1

[Event "Montreal, CAN Quebec ch"]
[Site "Montreal"]
[Date "1998.07.25"]
[Round "8"]
[White "Sisaettoe Olli"]
[Black "Amerongen, A."]
[Result "0-1"]
[WhiteElo "1975"]
[BlackElo "1980"]
[PlyCount "142"]
[EventDate "1998.??.??"]
[Source "www.chesslib.no"]
[SourceDate "2004.05.04"]

1. e4 e5 2. Nf3 Nf6 3. d4 exd4 4. Nxd4 Nxe4 5. Bd3 Nc5 6. O-O Be7 7. Nf5 Ne6 8. Nc3 c6 9. Qg4 d5 10. Nxg7+ Nxg7 11. Qxg7 Bf6 12. Qg3 Be6 13. Bf4 Bh4 14. Qg7 Qf6 15. Qxf6 Bxf6 16. Ne2 Nd7 17. c3 Nc5 18. Bc2 O-O-O 19. Ng3 d4 20. cxd4 Bxd4 21. Rad1 Bxb2 22. Nf5 Bxf5 23. Bxf5+ Ne6 24. Rb1 Bc3 25. Rb3 Ba5 26. Be5 Rhg8 27. Bxh7 Rg4 28. Bf5 Ra4 29. Bf6 Rd2 30. h4 Rdxa2 31. h5 Bd8 32. Bg7 Rf4 33. Bxe6+ fxe6 34. Rh3 Raa4 35. g3 Rf7 36. h6 Rxg7 37. hxg7 Rg4 38. Re1 Rxg7 39. Rxe6 a5 40. Rh5 Kd7 41. Re1 b5 42. Kg2 a4 43. f4 a3 44. Re3 b4 45. Rb3 Be7 46. Ra5 c5 47. Kf3 Kc6 48. Ra7 Kb5 49. f5 Bf6 50. Ra8 Kc4 51. Re3 Bd4 52. Rexa3 bxa3 53. Rxa3 Kb4 54. Ra8 c4 55. Ke4 Bb2 56. Rb8+ Ka3 57. Ra8+ Kb3 58. Rb8+ Kc2 59. Kd5 Rg4 60. Rc8 Kd3 61. Ke6 Rxg3 62. f6 Bxf6 63. Kxf6 c3 64. Kf5 c2 65. Kf4 Rh3 66. Kg4 Re3 67. Kf4 Re7 68. Rd8+ Ke2 69. Rc8 Kd1 70. Rd8+ Kc1 71. Rc8 Rd7 0-1

[Event "Corr"]
[Site "?"]
[Date "2002.10.01"]
[Round "?"]
[White "Da Silva Filho Alcindo Luz Ba"]
[Black "Gessenich Daniel"]
[Result "1-0"]
[WhiteElo "2070"]
[BlackElo "1859"]
[PlyCount "46"]
[EventDate "2002.??.??"]
[Source "www.chesslib.no"]
[SourceDate "2004.05.04"]

1. e4 e5 2. Nf3 Nf6 3. d4 exd4 4. e5 Qe7 5. Be2 Ng4 6. O-O Nc6 7. Re1 Qc5 8. Bd3 Be7 9. Bf4 Qb6 10. Na3 Bxa3 11. bxa3 Qc5 12. Ng5 h5 13. h3 Ngxe5 14. Bxe5 Nxe5 15. f4 d6 16. fxe5 dxe5 17. Qf3 f6 18. Rab1 a6 19. Nh7 Ke7 20. Qxh5 Be6 21. Qg6 Rag8 22. Rxb7 Bd5 23. Rb4 Bxa2 1-0

[Event "Corr"]
[Site "?"]
[Date "1997.??.??"]
[Round "?"]
[White "Frost Lionel B"]
[Black "Davids Rian"]
[Result "1/2-1/2"]
[WhiteElo "2023"]
[BlackElo "1895"]
[PlyCount "75"]
[EventDate "1997.??.??"]
[Source "www.chesslib.no"]
[SourceDate "2004.05.04"]

1. e4 e5 2. Nf3 Nf6 3. d4 d5 4. Nxe5 Nxe4 5. Bd3 Bd6 6. O-O O-O 7. c4 Bxe5 8. dxe5 Nc6 9. cxd5 Qxd5 10. Qf3 Bf5 11. Qxf5 Qxd3 12. Nc3 Nc5 13. Qxd3 Nxd3 14. f4 Rad8 15. b3 Nd4 16. Rd1 Nc2 17. Rb1 c5 18. Ne4 Rd4 19. Nd6 Nxf4 20. Bxf4 Rxf4 21. Rbc1 Nd4 22. Rxc5 b6 23. Rc7 a5 24. g3 Ne6 25. gxf4 Nxc7 26. Nc4 b5 27. Nxa5 g6 28. Kf2 Ne6 29. Rd5 Rc8 30. Rxb5 Rc2+ 31. Ke3 Rxa2 32. Nc6 Rxh2 33. Nd4 Nxd4 34. Kxd4 h5 35. Rb8+ Kg7 36. Rb7 Rf2 37. Ke3 Rf1 38. Rc7 1/2-1/2

[Event "Corr"]
[Site "?"]
[Date "1999.11.12"]
[Round "?"]
[White "Newton Hobart E"]
[Black "Gustavsson Stellan"]
[Result "1-0"]
[WhiteElo "1986"]
[BlackElo "1914"]
[PlyCount "95"]
[EventDate "1999.??.??"]
[Source "www.chesslib.no"]
[SourceDate "2004.05.04"]

1. e4 e5 2. Nf3 Nf6 3. d4 exd4 4. e5 Qe7 5. Be2 Nd5 6. Qxd4 Qb4+ 7. c3 Qxd4 8. cxd4 Nc6 9. O-O d6 10. Rd1 h6 11. Nc3 Be6 12. Nxd5 Bxd5 13. Bf4 O-O-O 14. b3 g5 15. Bg3 a6 16. Rac1 Be7 17. exd6 Bxd6 18. Ne5 Nxe5 19. dxe5 Ba3 20. e6 Bxc1 21. Rxc1 fxe6 22. Bxc7 Kd7 23. Bxd8 Rxd8 24. Bg4 Re8 25. f3 Bc6 26. Kf2 Kd6 27. Bh5 Rf8 28. Rd1+ Ke5 29. Bg4 Bd5 30. Rc1 Rf6 31. Ke2 b5 32. Rc8 Kd4 33. Rb8 Bc6 34. Rb6 e5 35. Ke1 a5 36. Bd7 Kc5 37. Ra6 b4 38. Bxc6 Rxc6 39. Rxa5+ Kd4 40. Kd2 e4 41. fxe4 Kxe4 42. Rb5 Rd6+ 43. Ke2 Rd4 44. Rb6 Ke5 45. Rxh6 Re4+ 46. Kf3 g4+ 47. Kg3 Kf5 48. Rc6 1-0